Statistics for Dutch Football Players English Premier League 2017-2018

Click here to take the quiz!

General Stats

  • This quiz has been taken 101 times
  • The average score is 8 of 26

Answer Stats

TeamAnswer% Correct
Liverpool FCVirgil van Dijk
97%
Liverpool FCGeorginio Wijnaldum
89%
Manchester United FCDaley Blind
72%
Crystal Palace FCPatrick van Aanholt
52%
Tottenham Hotspur FCMichel Vorm
48%
Brighton & Hove Albion FCDavy Pröpper
43%
Everton FC (plays for Curacao national team, but was born in The Netherlands)Cuco Martina
42%
Swansea City AFCLeroy Fer
40%
Everton FCDavy Klaassen
39%
Watford FCDaryl Janmaat
36%
AFC BournemouthNathan Aké
35%
Everton FCMaarten Stekelenburg
33%
Stoke City FCBruno Martins Indi
26%
Brighton & Hove Albion FCJürgen Locadia
26%
Crystal Palace FCJaïro Riedewald
22%
Stoke City FCIbrahim Afellay
20%
Crystal Palace FCTimothy Fosu-Mensah
20%
Swansea City AFCMike van der Hoorn
16%
Huddersfield Town FCTerence Kongolo
16%
Brighton & Hove Albion FCTim Krul
16%
Swansea City AFCLuciano Narsingh
13%
Southampton FCWesley Hoedt
9%
Stoke City FCErik Pieters
7%
Huddersfield Town FCRajiv van La Parra
3%
Watford FCMarvin Zeegelaar
2%
Swansea City AFCErwin Mulder
0%

Score Distribution

Percentile by Number Answered

Percent of People with Each Score

Your Score History

You have not taken this quiz